000 00333nam a2200121Ia 4500
008 220216s9999 xx 000 0 und d
100 _aKrotz A S
245 0 _aRubber suspension systems for vehicles 2 : The Torsilastic system
260 _bRubber Developments
_c1948
300 _a7-Mar
650 _aRubber suspension
942 _cJS
999 _c68016
_d68016